00518nam a2200181Ia 4500003000400000005001700004008004100021040000900062082002100071100001500092245003000107260003200137300000900169630004500178650003500223650004400258650003400302OSt20260423150045.0211118s9999||||xx |||||||||||||| ||und|| cSBCL a894.81209bAPP-P aAppan, K P 0aPenayude Samara Mukhangal bImprint BooksaKollamc1995 a78p. xLiterature (Belles-lettres) and rhetoric aLiteratures of other languages aAltaic, Uralic, Hyperborean & Dravidian vMalayalam LiteratureGeneralia